[Event "8. Open Bali Nuevas Generaciones s16"]
[Site "Benidorm ESP"]
[Date "2009.12.04"]
[Round "1.1"]
[White "Masso Catala, Joan"]
[Black "Anton Guijarro, David"]
[Result "0-1"]
[WhiteElo "1513"]
[BlackElo "2300"]
[PlyCount "70"]
[EventDate "2009.12.04"]
[EventType "swiss"]
[EventRounds "7"]
[EventCountry "ESP"]
[Source "lmi"]
[SourceDate "2009.12.04"]

1. d4 Nf6 2. c4 e6 3. g3 c5 4. d5 exd5 5. cxd5 b5 6. Bg2 d6 7. e4 Nbd7 8. Ne2
g6 9. O-O Bg7 10. Nec3 b4 11. Ne2 O-O 12. Bf4 Qe7 13. Nd2 Nh5 14. Qc2 Ba6 15.
Nc4 Nxf4 16. Nxf4 Bxc4 17. Qxc4 Bxb2 18. Rab1 Bg7 19. Nd3 a5 20. Kh1 Nb6 21.
Qc2 c4 22. Ne1 c3 23. f4 Nc4 24. e5 Na3 25. Qd3 Nxb1 26. Qxb1 Rab8 27. Nd3 Rfc8
28. Qc2 a4 29. Rb1 b3 30. axb3 axb3 31. Rxb3 Rxb3 32. Qxb3 c2 33. Nc1 dxe5 34.
Be4 exf4 35. Bxc2 Qe1+ 0-1

[Event "8. Open Bali Nuevas Generaciones s16"]
[Site "Benidorm ESP"]
[Date "2009.12.04"]
[Round "1.2"]
[White "Bendayan Claros, Aaron"]
[Black "Vazquez Torres, Adrian"]
[Result "1-0"]
[WhiteElo "2176"]
[BlackElo "1491"]
[PlyCount "71"]
[EventDate "2009.12.04"]
[EventType "swiss"]
[EventRounds "7"]
[EventCountry "ESP"]
[Source "lmi"]
[SourceDate "2009.12.04"]

1. d4 d5 2. Nf3 Bf5 3. c4 e6 4. Nc3 Nf6 5. Qb3 Nc6 6. c5 Rb8 7. Bf4 a6 8. h3
Ne4 9. e3 f6 10. Nh4 g5 11. Nxf5 gxf4 12. Nxe4 exf5 13. Nc3 fxe3 14. fxe3 Ne7
15. Be2 Bh6 16. Bh5+ Kf8 17. Ne2 Rg8 18. O-O Qd7 19. Rf2 Nc6 20. Raf1 Na5 21.
Qd3 Nc4 22. Rxf5 Bxe3+ 23. Kh1 Bg5 24. Rxf6+ Bxf6 25. Rxf6+ Kg7 26. Rf7+ Qxf7
27. Bxf7 Kxf7 28. Qxh7+ Kf6 29. b3 Na5 30. Nf4 Rbe8 31. Qxc7 Nc6 32. Qxb7 Nxd4
33. Nxd5+ Ke5 34. Ne3 Ne6 35. Ng4+ Kf5 36. Qf7+ 1-0

[Event "8. Open Bali Nuevas Generaciones s16"]
[Site "Benidorm ESP"]
[Date "2009.12.04"]
[Round "1.3"]
[White "Gomez Sanjuan, Gustavo"]
[Black "Vazquez Torres, Adrian"]
[Result "0-1"]
[WhiteElo "1483"]
[BlackElo "2144"]
[PlyCount "57"]
[EventDate "2009.12.04"]
[EventType "swiss"]
[EventRounds "7"]
[EventCountry "ESP"]
[Source "lmi"]
[SourceDate "2009.12.04"]

1. d4 d5 2. Nf3 Nf6 3. Bf4 e6 4. e3 Nbd7 5. c4 c6 6. Nbd2 Be7 7. Bd3 b6 8. O-O
Bb7 9. Qe2 Nh5 10. Be5 Nhf6 11. Bf4 c5 12. h3 Ne4 13. cxd5 exd5 14. Ne5 O-O 15.
Nxd7 Qxd7 16. Nxe4 dxe4 17. Bb5 Bc6 18. Bxc6 Qxc6 19. Rac1 Qe6 20. Qc4 cxd4 21.
exd4 Qf5 22. Qc7 Bf6 23. Be5 Bg5 24. Rc3 Rac8 25. Qb7 Rxc3 26. bxc3 e3 27. Bg3
e2 28. Re1 Qd3 29. f4 0-1

[Event "8. Open Bali Nuevas Generaciones s16"]
[Site "Benidorm ESP"]
[Date "2009.12.05"]
[Round "2.1"]
[White "Anton Guijarro, David"]
[Black "Garcia-Castany Musellas, Gal.La"]
[Result "1-0"]
[WhiteElo "2300"]
[BlackElo "1712"]
[PlyCount "73"]
[EventDate "2009.12.04"]
[EventType "swiss"]
[EventRounds "7"]
[EventCountry "ESP"]
[Source "lmi"]
[SourceDate "2009.12.04"]

1. d4 d5 2. c4 c6 3. Nf3 Nf6 4. Nbd2 Nbd7 5. e3 Qc7 6. Be2 e5 7. cxd5 Nxd5 8.
Nxe5 Nxe5 9. dxe5 Qxe5 10. Nc4 Qc7 11. Qc2 Be7 12. O-O O-O 13. a3 Bf6 14. Rd1
a5 15. Nd2 Be5 16. g3 Bxg3 17. hxg3 Nxe3 18. Qc3 Nxd1 19. Bxd1 Qe7 20. Nc4 Re8
21. Be3 Bh3 22. Bf3 a4 23. Nb6 Ra6 24. Rd1 Qc7 25. Nc4 Raa8 26. Bf4 Qe7 27. Nd6
Red8 28. Re1 Qd7 29. Qc5 f6 30. Qc4+ Kf8 31. Qe4 g5 32. Bd2 Qc7 33. Bb4 Kg7 34.
g4 c5 35. Nf5+ Kf8 36. Qc4 Rac8 37. Re7 1-0

[Event "8. Open Bali Nuevas Generaciones s16"]
[Site "Benidorm ESP"]
[Date "2009.12.05"]
[Round "2.2"]
[White "Martin Perez, Laura"]
[Black "Bendayan Claros, Aaron"]
[Result "0-1"]
[WhiteElo "1706"]
[BlackElo "2176"]
[PlyCount "86"]
[EventDate "2009.12.04"]
[EventType "swiss"]
[EventRounds "7"]
[EventCountry "ESP"]
[Source "lmi"]
[SourceDate "2009.12.04"]

1. e4 c6 2. d4 d5 3. Nc3 g6 4. e5 h5 5. Nf3 Bf5 6. Bd3 Nh6 7. O-O e6 8. Bg5 Be7
9. Bxe7 Qxe7 10. Bxf5 Nxf5 11. Qd2 Nd7 12. Ne2 c5 13. c3 Rc8 14. Rac1 O-O 15.
Qg5 Qxg5 16. Nxg5 Rc6 17. Nf3 Rfc8 18. dxc5 Rxc5 19. Rfd1 Rc4 20. Ng3 Ne7 21.
Rc2 b5 22. Re2 a5 23. h3 Ra4 24. a3 b4 25. cxb4 axb4 26. axb4 Rxb4 27. Rd4 Rb3
28. Rdd2 Rcb8 29. Rc2 R8b7 30. Nd4 R3b4 31. Rcd2 Nc5 32. f3 Na4 33. b3 Nc5 34.
Re3 Nxb3 35. Rxb3 Rxb3 36. Nxb3 Rxb3 37. Kf2 Nc6 38. f4 Nb4 39. Rd4 Nd3+ 40.
Ke2 Nxf4+ 41. Rxf4 Rxg3 42. Kf2 Rg5 43. g3 Rxe5 0-1

[Event "8. Open Bali Nuevas Generaciones s16"]
[Site "Benidorm ESP"]
[Date "2009.12.05"]
[Round "2.3"]
[White "Vazquez Torres, Adrian"]
[Black "Gracia Pina, Clara"]
[Result "1-0"]
[WhiteElo "2144"]
[BlackElo "1662"]
[PlyCount "60"]
[EventDate "2009.12.04"]
[EventType "swiss"]
[EventRounds "7"]
[EventCountry "ESP"]
[Source "lmi"]
[SourceDate "2009.12.04"]

1. e4 e5 2. Nf3 Nc6 3. Bb5 a6 4. Ba4 Bc5 5. O-O d6 6. d4 exd4 7. Nxd4 Bd7 8.
Nxc6 Bxc6 9. Bxc6+ bxc6 10. Nc3 Nf6 11. Bg5 O-O 12. e5 dxe5 13. Qf3 Qd6 14.
Rad1 Qe6 15. Bxf6 Qxf6 16. Qxf6 gxf6 17. Ne4 Be7 18. Rd7 Bd8 19. f4 Rb8 20. b3
Rb4 21. c4 h6 22. f5 a5 23. Rfd1 Rb8 24. R1d3 Rc8 25. Kf2 Re8 26. Kf3 Kg7 27.
Kg4 Be7 28. c5 Rcd8 29. Rxe7 Rxd3 30. Rxe8 Rd4 1-0

[Event "8. Open Bali Nuevas Generaciones s16"]
[Site "Benidorm ESP"]
[Date "2009.12.05"]
[Round "2.4"]
[White "Gil Quilez, David"]
[Black "Montoliu Cervero, Angel"]
[Result "1-0"]
[WhiteElo "2097"]
[BlackElo "1652"]
[PlyCount "53"]
[EventDate "2009.12.04"]
[EventType "swiss"]
[EventRounds "7"]
[EventCountry "ESP"]
[Source "lmi"]
[SourceDate "2009.12.04"]

1. e4 e5 2. Nf3 Nc6 3. d4 exd4 4. Bc4 Bc5 5. c3 dxc3 6. Bxf7+ Kxf7 7. Qd5+ Ke8
8. Qxc5 d6 9. Qh5+ g6 10. Qb5 Bd7 11. Qb3 h6 12. Nxc3 Qf6 13. Nd5 Qd8 14. h3
Rb8 15. Bd2 Nce7 16. O-O c6 17. Ne3 Qb6 18. Qc3 Rh7 19. Nc4 Qc5 20. Be3 Qh5 21.
Nxd6+ Kf8 22. Bxa7 Ra8 23. Bc5 b5 24. Ne5 Be6 25. f4 Rd8 26. f5 gxf5 27. exf5
1-0

[Event "8. Open Bali Nuevas Generaciones s16"]
[Site "Benidorm ESP"]
[Date "2009.12.05"]
[Round "2.5"]
[White "Nieves Cabanes, Javier"]
[Black "Ladron De Guevara Pinto, Paolo"]
[Result "0-1"]
[WhiteElo "1701"]
[BlackElo "2078"]
[PlyCount "76"]
[EventDate "2009.12.04"]
[EventType "swiss"]
[EventRounds "7"]
[EventCountry "ESP"]
[Source "lmi"]
[SourceDate "2009.12.04"]

1. d4 Nf6 2. c4 c5 3. Nf3 cxd4 4. Nxd4 e5 5. Nb3 d5 6. cxd5 Qxd5 7. Qxd5 Nxd5
8. e4 Nb4 9. Na3 Be6 10. Bb5+ Nd7 11. O-O a6 12. Bc4 Bxc4 13. Nxc4 Rc8 14. Ne3
Nc5 15. Nxc5 Bxc5 16. Bd2 O-O 17. Bxb4 Bxb4 18. Nd5 Bd6 19. Rfd1 Rfd8 20. Rac1
Kf8 21. Kf1 Bc5 22. Ke2 Rc6 23. Ne3 Rxd1 24. Nxd1 Ke7 25. a3 Kd7 26. b4 Bd4 27.
Rxc6 Kxc6 28. a4 g6 29. Kd3 f5 30. exf5 gxf5 31. f4 b5 32. a5 Kd5 33. fxe5 Kxe5
34. h3 f4 35. Nc3 Bxc3 36. Kxc3 Ke4 37. Kc2 Ke3 38. Kc3 h6 0-1

[Event "8. Open Bali Nuevas Generaciones s16"]
[Site "Benidorm ESP"]
[Date "2009.12.05"]
[Round "2.6"]
[White "Jordan Martinez, Miguel"]
[Black "Garcia Martinez, Marcos"]
[Result "1/2-1/2"]
[WhiteElo "2077"]
[BlackElo "1649"]
[PlyCount "79"]
[EventDate "2009.12.04"]
[EventType "swiss"]
[EventRounds "7"]
[EventCountry "ESP"]
[Source "lmi"]
[SourceDate "2009.12.04"]

1. e4 e6 2. d4 d5 3. Nd2 Nf6 4. e5 Nfd7 5. Bd3 c5 6. c3 Nc6 7. Ne2 Qc7 8. f4 b6
9. O-O g6 10. g4 Bb7 11. Nf3 O-O-O 12. f5 Be7 13. fxe6 fxe6 14. Ng5 Bxg5 15.
Bxg5 Rdf8 16. Bh6 Rxf1+ 17. Qxf1 Nd8 18. Qf2 Re8 19. Rf1 Re7 20. Qg2 Rf7 21. h4
Nb8 22. h5 gxh5 23. gxh5 Nbc6 24. Rf4 cxd4 25. cxd4 Rxf4 26. Bxf4 Qf7 27. Qg5
Nb4 28. Bb1 Ba6 29. Nc1 Nbc6 30. Nb3 Nb4 31. Qg3 Qxh5 32. Qc3+ Nbc6 33. Bc2 Qe2
34. Qd2 Qg4+ 35. Kh2 Bf1 36. Qf2 Be2 37. Qg3 h5 38. Qxg4 Bxg4 39. Kg3 Nb8 40.
Kh4 1/2-1/2

[Event "8. Open Bali Nuevas Generaciones s16"]
[Site "Benidorm ESP"]
[Date "2009.12.05"]
[Round "2.7"]
[White "Pino Fernandez, David"]
[Black "Villasenor Rubio, Emilio Jose"]
[Result "0-1"]
[WhiteElo "1684"]
[BlackElo "2011"]
[PlyCount "97"]
[EventDate "2009.12.04"]
[EventType "swiss"]
[EventRounds "7"]
[EventCountry "ESP"]
[Source "lmi"]
[SourceDate "2009.12.04"]

1. d4 d5 2. c4 c6 3. e3 Nf6 4. Nc3 e6 5. Bd2 a6 6. c5 e5 7. Be2 Nbd7 8. a3 g6
9. Na2 Bg7 10. Bc3 O-O 11. Nf3 Re8 12. b4 Ne4 13. Bb2 exd4 14. Bxd4 Ne5 15.
Nxe5 Bxe5 16. Bxe5 Rxe5 17. O-O Bd7 18. Qd4 Re8 19. Nc3 Qg5 20. Bf3 Bf5 21. h3
Nxc3 22. Qxc3 Bxh3 23. Qd4 Bf5 24. Qf4 Qxf4 25. exf4 Rad8 26. Rfe1 Kf8 27. Re3
d4 28. Rxe8+ Kxe8 29. Rd1 h5 30. Kf1 Ke7 31. Ke2 Kf6 32. Kd2 Re8 33. Kc1 Rd8
34. Re1 d3 35. Kd2 Rd4 36. g3 Rc4 37. Rc1 Rd4 38. Bd1 Rd7 39. Bb3 Be4 40. Re1
Kf5 41. Bc4 h4 42. g4+ Kxf4 43. Re3 f5 44. gxf5 Bxf5 45. Be6 Re7 46. Bxf5 Rxe3
47. fxe3+ Kxf5 48. Kxd3 h3 49. Kd4 0-1

[Event "8. Open Bali Nuevas Generaciones s16"]
[Site "Benidorm ESP"]
[Date "2009.12.05"]
[Round "2.8"]
[White "Marquez Ortiz De Zarate, Albert"]
[Black "Vilanova Olmedo, Ignaci"]
[Result "1-0"]
[WhiteElo "2008"]
[BlackElo "1630"]
[PlyCount "51"]
[EventDate "2009.12.04"]
[EventType "swiss"]
[EventRounds "7"]
[EventCountry "ESP"]
[Source "lmi"]
[SourceDate "2009.12.04"]

1. e4 c6 2. d4 d5 3. e5 Bf5 4. Ne2 e6 5. Ng3 Bg6 6. h4 h5 7. Nd2 Qb6 8. Nb3 c5
9. dxc5 Bxc5 10. Nxc5 Qxc5 11. Bd3 Bxd3 12. Qxd3 Nd7 13. f4 Rc8 14. c3 Qb6 15.
Qe2 d4 16. Ne4 Rc6 17. Nd6+ Rxd6 18. exd6 dxc3 19. Qc4 Qxd6 20. Qc8+ Ke7 21.
bxc3 Nc5 22. O-O Kf6 23. f5 Ke7 24. fxe6 Nxe6 25. Qxb7+ Qc7 26. Ba3+ 1-0

[Event "8. Open Bali Nuevas Generaciones s16"]
[Site "Benidorm ESP"]
[Date "2009.12.05"]
[Round "2.9"]
[White "Romero Calduch, Sergio"]
[Black "Remolar Gallen, Jose"]
[Result "1/2-1/2"]
[WhiteElo "1677"]
[BlackElo "1943"]
[PlyCount "64"]
[EventDate "2009.12.04"]
[EventType "swiss"]
[EventRounds "7"]
[EventCountry "ESP"]
[Source "lmi"]
[SourceDate "2009.12.04"]

1. d4 Nf6 2. c4 e6 3. Nf3 b6 4. g3 Ba6 5. b3 Bb4+ 6. Bd2 Be7 7. Bg2 Bb7 8. O-O
O-O 9. Re1 c5 10. Bc3 d5 11. Ne5 Qc7 12. Nd2 Rd8 13. e3 Nbd7 14. Nxd7 Rxd7 15.
Qe2 Rad8 16. Rac1 Ne8 17. dxc5 bxc5 18. cxd5 exd5 19. Bh3 Rd6 20. Be5 Qa5 21.
Bxd6 Nxd6 22. Nb1 c4 23. Qd2 Qc5 24. Red1 Ne4 25. Qd4 Qa5 26. Qb2 Bf6 27. Qc2
c3 28. Bf5 Ng5 29. Bg4 h5 30. h4 hxg4 31. hxg5 Bxg5 32. Qxc3 Qa6 1/2-1/2

[Event "8. Open Bali Nuevas Generaciones s16"]
[Site "Benidorm ESP"]
[Date "2009.12.05"]
[Round "2.10"]
[White "Martinez Hernandez, Paula"]
[Black "Sacristan Latorre, Alberto"]
[Result "0-1"]
[WhiteElo "1673"]
[BlackElo "1924"]
[PlyCount "85"]
[EventDate "2009.12.04"]
[EventType "swiss"]
[EventRounds "7"]
[EventCountry "ESP"]
[Source "lmi"]
[SourceDate "2009.12.04"]

1. e4 c5 2. Nc3 d6 3. g3 g6 4. Bg2 Bg7 5. Nge2 Nc6 6. d3 e6 7. Be3 Nge7 8. Qd2
Nd4 9. Rb1 Rb8 10. a3 b5 11. b4 a6 12. h4 h5 13. O-O Nec6 14. Nc1 Ne5 15. Bxd4
cxd4 16. N3e2 Qb6 17. Nb3 Ng4 18. Qc1 O-O 19. Qb2 e5 20. c3 dxc3 21. Qxc3 Be6
22. Na5 Rfc8 23. Qb2 Bh6 24. Nc3 Qd4 25. Nd5 Qxb2 26. Rxb2 Bxd5 27. exd5 Rc3
28. Rb3 Rc2 29. Nc6 Re8 30. Bh3 Nf6 31. Rfb1 Nxd5 32. Bd7 Rf8 33. R3b2 Rc3 34.
Rb3 Rc1+ 35. Rxc1 Bxc1 36. d4 e4 37. Na5 Nb6 38. Rc3 Bb2 39. Rc7 Bxa3 40. Nc6
Nd5 41. Ra7 Nxb4 42. Nxb4 Bxb4 43. Rb7 0-1

[Event "8. Open Bali Nuevas Generaciones s16"]
[Site "Benidorm ESP"]
[Date "2009.12.06"]
[Round "3.1"]
[White "Segarra Martinez, Axel"]
[Black "Anton Guijarro, David"]
[Result "0-1"]
[WhiteElo "1806"]
[BlackElo "2300"]
[PlyCount "62"]
[EventDate "2009.12.04"]
[EventType "swiss"]
[EventRounds "7"]
[EventCountry "ESP"]
[Source "lmi"]
[SourceDate "2009.12.04"]

1. e4 c5 2. Nf3 Nc6 3. d4 cxd4 4. Nxd4 Nf6 5. Nc3 d6 6. Bc4 Bd7 7. Bb3 a6 8. f3
Rc8 9. Be3 e6 10. Qd2 Be7 11. O-O-O b5 12. g4 Nxd4 13. Qxd4 a5 14. a4 b4 15.
Ne2 O-O 16. Qd2 Qe8 17. Kb1 Bxa4 18. Bxa4 Qxa4 19. b3 Qb5 20. Nd4 Qb7 21. h4 a4
22. h5 axb3 23. cxb3 Ra8 24. g5 Nd7 25. Qb2 Ne5 26. Rhf1 Qa6 27. Nc2 Nd3 28.
Rxd3 Qxd3 29. Re1 Rfc8 30. h6 Bf8 31. Rc1 Rc3 0-1

[Event "8. Open Bali Nuevas Generaciones s16"]
[Site "Benidorm ESP"]
[Date "2009.12.06"]
[Round "3.2"]
[White "Bendayan Claros, Aaron"]
[Black "Mingarro Carceller, Sergi"]
[Result "1-0"]
[WhiteElo "2176"]
[BlackElo "1797"]
[PlyCount "45"]
[EventDate "2009.12.04"]
[EventType "swiss"]
[EventRounds "7"]
[EventCountry "ESP"]
[Source "lmi"]
[SourceDate "2009.12.04"]

1. d4 f5 2. Nf3 Nf6 3. Nc3 e6 4. e3 Be7 5. Bd3 O-O 6. O-O b6 7. e4 fxe4 8. Nxe4
Bb7 9. Qe2 Nc6 10. c3 a5 11. b3 Nd5 12. c4 Ndb4 13. Bb1 a4 14. Bb2 axb3 15.
axb3 Na5 16. Nfd2 Qe8 17. Qg4 Qf7 18. Ng5 Bxg5 19. Qxg5 Qf4 20. Qxf4 Rxf4 21.
g3 Rf7 22. Bc3 Nbc6 23. b4 1-0

[Event "8. Open Bali Nuevas Generaciones s16"]
[Site "Benidorm ESP"]
[Date "2009.12.06"]
[Round "3.3"]
[White "Ull Molina, Cristian"]
[Black "Vazquez Torres, Adrian"]
[Result "0-1"]
[WhiteElo "1801"]
[BlackElo "2144"]
[PlyCount "50"]
[EventDate "2009.12.04"]
[EventType "swiss"]
[EventRounds "7"]
[EventCountry "ESP"]
[Source "lmi"]
[SourceDate "2009.12.04"]

1. c4 c5 2. g3 Nf6 3. Nc3 d5 4. cxd5 Nxd5 5. Bg2 Nxc3 6. bxc3 Nc6 7. Nf3 e5 8.
d3 Be7 9. O-O Be6 10. Nd2 O-O 11. c4 f5 12. Nb3 Qc7 13. f4 Rad8 14. Qc2 Nb4 15.
Qb1 e4 16. a3 exd3 17. axb4 dxe2 18. Re1 Rd1 19. Kf2 Bxc4 20. Rxe2 Bxe2 21.
Kxe2 Rfd8 22. Qc2 Bf6 23. Bb2 Qe7+ 24. Kf2 Qe1+ 25. Kf3 R1d3+ 0-1

[Event "8. Open Bali Nuevas Generaciones s16"]
[Site "Benidorm ESP"]
[Date "2009.12.06"]
[Round "3.4"]
[White "Bas Mas, Miguel"]
[Black "Gil Quilez, David"]
[Result "0-1"]
[WhiteElo "1796"]
[BlackElo "2097"]
[PlyCount "100"]
[EventDate "2009.12.04"]
[EventType "swiss"]
[EventRounds "7"]
[EventCountry "ESP"]
[Source "lmi"]
[SourceDate "2009.12.04"]

1. e4 e5 2. Nf3 Nc6 3. Bb5 a6 4. Ba4 Nf6 5. O-O b5 6. Bb3 Be7 7. Re1 d6 8. h3
O-O 9. c3 Na5 10. Bc2 c5 11. d4 Qc7 12. d5 Ne8 13. Nbd2 g6 14. b3 Ng7 15. c4 f5
16. Bb2 Bd7 17. Bc3 Rf7 18. Bxa5 Qxa5 19. Nf1 f4 20. Qd2 Qb6 21. a4 b4 22. N1h2
h5 23. Kf1 g5 24. Ke2 g4 25. hxg4 hxg4 26. Ng1 Rf6 27. f3 Rg6 28. Kd3 Kf7 29.
Bd1 gxf3 30. Bxf3 Bh4 31. Red1 Rh8 32. Nf1 Qd8 33. Qe2 Qg5 34. Kc2 Bg4 35. Rd2
Nh5 36. Kb2 Nf6 37. Kc2 Ke7 38. Kb2 a5 39. Ka2 Kf7 40. Kb2 Ke7 41. Ka2 Rhg8 42.
Nh3 Qh5 43. Nh2 Bxf3 44. gxf3 Bg3 45. Qg2 Be1 46. Ng4 Rxg4 47. fxg4 Rxg4 48.
Qf3 Bxd2 49. Rh1 Rg3 50. Ng1 Qxf3 0-1

[Event "8. Open Bali Nuevas Generaciones s16"]
[Site "Benidorm ESP"]
[Date "2009.12.06"]
[Round "3.5"]
[White "Ladron De Guevara Pinto, Paolo"]
[Black "Galvan Prieto, Albano"]
[Result "1/2-1/2"]
[WhiteElo "2078"]
[BlackElo "1792"]
[PlyCount "98"]
[EventDate "2009.12.04"]
[EventType "swiss"]
[EventRounds "7"]
[EventCountry "ESP"]
[Source "lmi"]
[SourceDate "2009.12.04"]

1. e4 e6 2. Nf3 d5 3. Nc3 Nf6 4. e5 Nfd7 5. d4 c5 6. dxc5 Bxc5 7. Bd3 Nc6 8.
Bf4 Qb6 9. Qd2 Bb4 10. a3 Bxc3 11. bxc3 Qc7 12. O-O Nc5 13. Bg3 h6 14. Qe3 Nxd3
15. cxd3 Ne7 16. Nd4 Bd7 17. Rfc1 O-O 18. Rab1 Rfb8 19. Bh4 Ng6 20. Bg3 Qa5 21.
Rb3 Ba4 22. Rb4 Bd7 23. a4 Qc7 24. f4 a5 25. Nb5 Bxb5 26. Rxb5 Ne7 27. Bf2 Ra6
28. g4 Rc6 29. Be1 b6 30. Rb2 Rd8 31. d4 Rc4 32. Rf2 Nc6 33. Bd2 Rc8 34. Rcf1
Qe7 35. Rg2 f5 36. exf6 Qxf6 37. h4 Rf8 38. h5 Rxa4 39. Rgf2 Ne7 40. Re1 Rf7
41. Qxe6 Qxe6 42. Rxe6 Nc8 43. Rc6 Rc4 44. Re6 Re7 45. Rxe7 Nxe7 46. Rf3 Kf7
47. Kf1 Nc6 48. Rd3 b5 49. Be3 a4 1/2-1/2

[Event "8. Open Bali Nuevas Generaciones s16"]
[Site "Benidorm ESP"]
[Date "2009.12.06"]
[Round "4.1"]
[White "Anton Guijarro, David"]
[Black "Villasenor Rubio, Emilio Jose"]
[Result "1-0"]
[WhiteElo "2300"]
[BlackElo "2011"]
[PlyCount "67"]
[EventDate "2009.12.04"]
[EventType "swiss"]
[EventRounds "7"]
[EventCountry "ESP"]
[Source "lmi"]
[SourceDate "2009.12.04"]

1. d4 Nf6 2. Nf3 g6 3. c4 Bg7 4. Nc3 O-O 5. e4 d6 6. Be2 e5 7. O-O Nc6 8. d5
Ne7 9. b4 Nh5 10. Re1 f5 11. Ng5 Nf6 12. f3 Nh5 13. c5 Bf6 14. Qb3 Ng7 15. Rd1
h6 16. Ne6 Bxe6 17. dxe6 Kh7 18. cxd6 cxd6 19. Nb5 Ne8 20. Be3 Nc6 21. Rac1
fxe4 22. fxe4 Bg5 23. Rf1 Ng7 24. Rxf8 Bxe3+ 25. Qxe3 Qxf8 26. Nc7 Rc8 27. Rf1
Qd8 28. Nd5 Qg5 29. Qxg5 hxg5 30. e7 Ne8 31. Bg4 Rb8 32. Bd7 Kg7 33. Rf8 Nxe7
34. Rxe8 1-0

[Event "8. Open Bali Nuevas Generaciones s16"]
[Site "Benidorm ESP"]
[Date "2009.12.06"]
[Round "4.2"]
[White "Balague Camps, Marc"]
[Black "Bendayan Claros, Aaron"]
[Result "0-1"]
[WhiteElo "1874"]
[BlackElo "2176"]
[PlyCount "25"]
[EventDate "2009.12.04"]
[EventType "swiss"]
[EventRounds "7"]
[EventCountry "ESP"]
[Source "lmi"]
[SourceDate "2009.12.04"]

1. c4 e5 2. Nc3 Nf6 3. Nf3 Nc6 4. e3 Bb4 5. Qc2 O-O 6. Nd5 Bc5 7. Ng5 g6 8. h4
d6 9. a3 h6 10. Nf3 Bf5 11. Bd3 Bxd3 12. Qxd3 Kg7 13. b4 0-1

[Event "8. Open Bali Nuevas Generaciones s16"]
[Site "Benidorm ESP"]
[Date "2009.12.06"]
[Round "4.3"]
[White "Vazquez Torres, Adrian"]
[Black "Rubio Tent, Francisco"]
[Result "1-0"]
[WhiteElo "2144"]
[BlackElo "1870"]
[PlyCount "59"]
[EventDate "2009.12.04"]
[EventType "swiss"]
[EventRounds "7"]
[EventCountry "ESP"]
[Source "lmi"]
[SourceDate "2009.12.04"]

1. b3 d5 2. Bb2 Bg4 3. Nf3 Bxf3 4. exf3 Nf6 5. d4 e6 6. Nd2 Bd6 7. Bd3 c5 8.
dxc5 Bxc5 9. O-O O-O 10. f4 Nc6 11. Nf3 Nb4 12. Ng5 g6 13. a3 Nc6 14. b4 Bd6
15. b5 Na5 16. Qd2 Be7 17. Qe3 h6 18. Qe5 hxg5 19. fxg5 Kg7 20. Qf4 Rc8 21.
Rab1 Nc4 22. Bxc4 Rxc4 23. Bd4 Rh8 24. g3 b6 25. c3 Re8 26. Rfe1 Qc7 27. gxf6+
Kg8 28. Qxc7 Rxc7 29. fxe7 Rcxe7 30. Be3 1-0

[Event "8. Open Bali Nuevas Generaciones s16"]
[Site "Benidorm ESP"]
[Date "2009.12.06"]
[Round "4.4"]
[White "Gil Quilez, David"]
[Black "Diaz Rios, Ignacio Jose"]
[Result "1-0"]
[WhiteElo "2097"]
[BlackElo "1838"]
[PlyCount "39"]
[EventDate "2009.12.04"]
[EventType "swiss"]
[EventRounds "7"]
[EventCountry "ESP"]
[Source "lmi"]
[SourceDate "2009.12.04"]

1. e4 c5 2. Nf3 d6 3. d4 cxd4 4. Nxd4 Nf6 5. Nc3 a6 6. Be3 e5 7. Nb3 Be6 8. f3
Nbd7 9. Qd2 b5 10. g4 Nb6 11. g5 Nh5 12. Nd5 Nxd5 13. exd5 Bd7 14. O-O-O Be7
15. Rg1 Qc7 16. f4 Nxf4 17. Bxf4 exf4 18. Re1 Rc8 19. Bd3 Qa7 20. Qxf4 1-0

[Event "8. Open Bali Nuevas Generaciones s16"]
[Site "Benidorm ESP"]
[Date "2009.12.06"]
[Round "4.5"]
[White "Boj Marques, Javier"]
[Black "Ladron De Guevara Pinto, Paolo"]
[Result "1-0"]
[WhiteElo "1868"]
[BlackElo "2078"]
[PlyCount "94"]
[EventDate "2009.12.04"]
[EventType "swiss"]
[EventRounds "7"]
[EventCountry "ESP"]
[Source "lmi"]
[SourceDate "2009.12.04"]

1. e4 e6 2. d4 d5 3. e5 c5 4. c3 Nc6 5. Nf3 Qb6 6. a3 cxd4 7. cxd4 Nh6 8. b4
Nf5 9. Bb2 Be7 10. Bd3 Bd7 11. Bxf5 exf5 12. O-O O-O 13. Nc3 Be6 14. Rc1 Rfc8
15. Na4 Qd8 16. Nc5 b6 17. Nd3 Qd7 18. Qd2 Nd8 19. g3 h6 20. h4 Nb7 21. Nf4 a5
22. Rxc8+ Rxc8 23. Rc1 Rxc1+ 24. Bxc1 axb4 25. axb4 Qb5 26. Nd3 Qc4 27. Bb2 Nd8
28. Bc3 Nc6 29. Nb2 Qb3 30. Nd3 Bc8 31. Nfe1 Ba6 32. Kg2 Bc4 33. Nc1 Qa4 34.
Ncd3 Qb5 35. Kg1 Kh7 36. f4 g6 37. Kf2 Kg7 38. Kg1 Bxd3 39. Nxd3 Qc4 40. Nb2
Qb3 41. Nd3 Qb1+ 42. Kg2 Kf8 43. Kh2 Na7 44. Bb2 Nb5 45. Nf2 Qa2 46. Kg2 Qc4
47. Qd3 Qxb4 1-0

[Event "8. Open Bali Nuevas Generaciones s16"]
[Site "Benidorm ESP"]
[Date "2009.12.06"]
[Round "4.6"]
[White "Baragano Campa, David"]
[Black "Orantes Taboada, Manuel"]
[Result "1/2-1/2"]
[WhiteElo "2158"]
[BlackElo "1777"]
[PlyCount "47"]
[EventDate "2009.12.04"]
[EventType "swiss"]
[EventRounds "7"]
[EventCountry "ESP"]
[Source "lmi"]
[SourceDate "2009.12.04"]

1. e4 c5 2. Nf3 d6 3. d4 cxd4 4. Nxd4 Nf6 5. Nc3 g6 6. Be3 Bg7 7. f3 O-O 8. Qd2
Nc6 9. Bc4 Nxd4 10. Bxd4 Bd7 11. O-O-O Qc7 12. Be2 Be6 13. Kb1 Rfc8 14. g4 Qa5
15. Nd5 Qxd2 16. Nxf6+ Bxf6 17. Rxd2 Bxd4 18. Rxd4 Rc5 19. c4 a6 20. b3 Rac8
21. f4 f6 22. Rg1 g5 23. f5 Bf7 24. Rd2 1/2-1/2

[Event "8. Open Bali Nuevas Generaciones s16"]
[Site "Benidorm ESP"]
[Date "2009.12.06"]
[Round "4.7"]
[White "Colas Perez, Patricia"]
[Black "Suarez Garcia, Carlos"]
[Result "0-1"]
[WhiteElo "1778"]
[BlackElo "2071"]
[PlyCount "42"]
[EventDate "2009.12.04"]
[EventType "swiss"]
[EventRounds "7"]
[EventCountry "ESP"]
[Source "lmi"]
[SourceDate "2009.12.04"]

1. c4 c6 2. Nc3 d5 3. cxd5 cxd5 4. d3 Nf6 5. Nf3 Nc6 6. g3 e5 7. Bg2 Be6 8. Bd2
h6 9. O-O Be7 10. Qa4 O-O 11. Rac1 a6 12. a3 Nd7 13. b4 b5 14. Qd1 Rc8 15. e4
dxe4 16. dxe4 Nb6 17. Nb1 Nc4 18. Bc3 Qb6 19. Re1 Rfd8 20. Qe2 Nd4 21. Nxd4
exd4 0-1

[Event "8. Open Bali Nuevas Generaciones s16"]
[Site "Benidorm ESP"]
[Date "2009.12.06"]
[Round "4.8"]
[White "Marquez Ortiz De Zarate, Albert"]
[Black "Sanchez Bertolin, Daniel"]
[Result "1-0"]
[WhiteElo "2008"]
[BlackElo "1759"]
[PlyCount "21"]
[EventDate "2009.12.04"]
[EventType "swiss"]
[EventRounds "7"]
[EventCountry "ESP"]
[Source "lmi"]
[SourceDate "2009.12.04"]

1. e4 e5 2. Nf3 Nc6 3. d4 exd4 4. Nxd4 Bc5 5. Nxc6 bxc6 6. Bc4 Nf6 7. e5 Ng8 8.
Qh5 Qe7 9. O-O d6 10. Bg5 Qd7 11. e6 1-0